International relations: theories and evidence (Record no. 323)

MARC details
000 -LEADER
fixed length control field 00565nam a2200145 a 4500
008 - FIXED-LENGTH DATA ELEMENTS--GENERAL INFORMATION
fixed length control field 121122s1976 ||||||||||||||||| || u
020 ## - INTERNATIONAL STANDARD BOOK NUMBER
International Standard Book Number 013473470x
050 ## - LIBRARY OF CONGRESS CALL NUMBER
Classification number JX 1391 Sul
100 ## - MAIN ENTRY--PERSONAL NAME
Personal name Sullivan, Michael P
245 10 - TITLE STATEMENT
Title International relations: theories and evidence
Statement of responsibility, etc. by Michael P. Sullivan
260 ## - PUBLICATION, DISTRIBUTION, ETC.
Place of publication, distribution, etc. New Jersey:
Name of publisher, distributor, etc. Prentice - Hall
Date of publication, distribution, etc. 1976
300 ## - PHYSICAL DESCRIPTION
Extent xi, 385p.: ill.
650 ## - SUBJECT ADDED ENTRY--TOPICAL TERM
Topical term or geographic name entry element INTERNATIONAL RELATIONS
995 ## -
-- SPECIAL COLLECTIONS
-- 500387
-- CBU-DAG HAMMARSKJOLD INSTITUTE LIBRARY
-- DAG JX 1391 Sul
-- 1
-- AVAILABLE
-- Dec 31, 2012
-- 500387
-- DHIPS Book Collection
999 ## -
-- 323
-- 323
Holdings
Withdrawn status Lost status Source of classification or shelving scheme Damaged status Not for loan Permanent Location Current Location Shelving location Date acquired Total Checkouts Full call number Barcode Date last seen Price effective from Koha item type
          CBU-DAG HAMMARSKJOLD INSTITUTE CBU-DAG HAMMARSKJOLD INSTITUTE   11/28/2022   JX 1391 Sul 500387 11/28/2022 11/28/2022 MONOGRAPH